00631nam a22001097a 4500008004100000100002400041245003600065260002300101300003800124520033600162773002300498240819b ||||| |||| 00| 0 eng d aDevadevan, Manu V.  aR. Champakalakshmi (1932-2024)  aSocial Scientist  a52(3-4), Mar-Apr, 2024: p.105-112 aOn 2 February 2024, a Tamil-speaking IT professional based in the United States, who produced and edited Wikipedia pages in his free time, called me over phone. He had read the obituary I had written in the wire for historian Radh Champakalakshmi, who died on the night of 28 January, a few months before taming 92. – Reproduced  aSocial Scientist